Baťa - ein Schuster erobert die Welt
Na minha lista:
| Autor principal: | |
|---|---|
| Formato: | Livro |
| Idioma: | alemão |
| Publicado em: |
Leipzig
Kahler
1990
|
| Edição: | 1. Aufl. |
| Tags: |
Sem tags, seja o primeiro a adicionar uma tag!
|
MARC
| LEADER | 00000nam a2200000 4500 | ||
|---|---|---|---|
| 001 | c040443 | ||
| 005 | 20221206122313.7 | ||
| 041 | 0 | |a ger | |
| 044 | |a DE | ||
| 245 | 1 | 0 | |a Baťa - ein Schuster erobert die Welt |c Eugen Erdély |
| 250 | |a 1. Aufl. | ||
| 264 | 1 | |a Leipzig |b Kahler |c 1990 | |
| 300 | |a 189 s. | ||
| 100 | 1 | |a Erdély, Eugen | |